Democracia y elecciones /

A partir de 1983, y durante los primeros treinta años de continuidad democrática, las elecciones fueron ocupando diferentes expectativas en el sentimiento popular. Distintos niveles de participación, crisis de representatividad política y vaivenes de los partidos políticos fueron matices que se modi...

Descripción completa

Guardado en:
Autor Principal: Randazzo, Federico
Autor Corporativo: Canal Encuentro.
Otros Autores: Carnaghi, Roberto; Locución.
Formato: Deslizar
Publicado: Argentina, 2013
Series:Archivos de la Democracia
Materias:
Acceso en línea:https://www.educ.ar/recursos/120687/democracia-y-elecciones
Etiquetas: Agregar Etiqueta
Sin Etiquetas, Sea el primero en etiquetar este registro!
LEADER 01677ngm a22003855g 4500
001 CEM.cems023623
008 130507s2013##################0###0#####d
005 20250617182206.0
245 1 0 |a Democracia y elecciones /  |c Federico Randazzo. 
260 |a Argentina,  |c 2013 
300 |a 27'. 
490 0 |a Archivos de la Democracia 
520 |a A partir de 1983, y durante los primeros treinta años de continuidad democrática, las elecciones fueron ocupando diferentes expectativas en el sentimiento popular. Distintos niveles de participación, crisis de representatividad política y vaivenes de los partidos políticos fueron matices que se modificaron a través de las épocas. ¿Qué influyó entre los votantes a la hora de elegir un candidato? ¿Cuáles fueron los motivos para que en algunas elecciones tuviera peso el voto en blanco? Reflexiones en torno a estos y otros interrogantes. 
500 |a Consultar en ventanilla. 
538 |a Soporte: DVD - Color: Si - Grabación DRD. 
100 1 |a Randazzo, Federico 
700 1 |a Carnaghi, Roberto; Locución. 
710 2 |a Canal Encuentro. 
082 3 4 |/ RAN 
653 |a SOCIEDAD 
653 |a DEMOCRACIA 
653 |a INSTRUCCION CIVICA 
653 |a POLITICA 
653 |a DERECHO 
653 |a DERECHO CONSTITUCIONAL 
653 |a HISTORIA 
653 |a HISTORIA ARGENTINA 
653 |a ELECCIONES 
653 |a PARTICIPACION 
653 |a REPRESENTACION POLITICA 
653 |a VOTO 
653 |a SUFRAGIO 
653 |a SERIE DE TELEVISIÓN 
856 |u https://www.educ.ar/recursos/120687/democracia-y-elecciones 
859 |a CEMS  |b BIB. CEMS - Depto. Recursos Didacticos  |h 342  |i RAN  |k DRD  |p 2266.15  |t Ej.1